Santiago a comienzos del siglo XIX: crónicas de los viajeros

Guardat en:
Dades bibliogràfiques
Autor principal: Feliú Cruz, Guillermo (autor)
Format: Llibre
Idioma:espanyol
Publicat: Barcelona Andrés Bello 2001
Edició:1a. ed
Matèries:
Etiquetes: Afegir etiqueta
Sense etiquetes, Sigues el primer a etiquetar aquest registre!

MARC

LEADER 00000cam a2200000 a 4500
001 UCN9652
003 CL-VaPUC
008 011221e20010400SP |||||||||||||||||spa|d
020 |a 9561316994 
082 0 4 |a 983.315  |b FEL  |2 21 
100 |a Feliú Cruz, Guillermo  |e autor  |9 392726 
245 1 0 |a Santiago a comienzos del siglo XIX: crónicas de los viajeros 
250 |a 1a. ed 
300 |a 380 p 
942 |c BK 
945 |d 20011221 00:00:00  |a vberengu 
260 |a Barcelona  |b Andrés Bello  |c 2001 
600 0 7 |a RAMON, ARMANDO DE  |2 CL-VaPUC  |9 466218 
650 0 |a Vida social y costumbres  |9 258725 
650 0 |a Descripciones y viajes  |9 262159 
650 0 |a Fuentes Históricas  |9 265141 
650 0 |a Historia local  |9 266584 
650 0 |a Inmigrantes  |9 317882 
651 0 |a Santiago  |9 265444 
651 7 |a CHILE  |2 CL-VaPUC  |9 466219 
583 |a last modification  |c 20170711 09:20:46  |k Rodrigo Vera 
999 |c 298949  |d 298947 
952 |0 0  |1 0  |4 0  |6 983_315000000000000_FEL_2001  |7 0  |8 A  |9 355028  |a BIBHIS  |b BIBHIS  |d 2019-11-21  |i 3754057  |o 983.315 FEL 2001  |p 3754057  |r 2025-01-20  |w 2019-11-21  |y BK  |k HIS 
952 |0 0  |1 0  |4 0  |6 983_315000000000000_FEL_2001  |7 0  |8 X  |9 355029  |a FDOBUD  |b FDOBUD  |d 2019-11-21  |i 1083511  |o 983.315 FEL 2001  |p 1083511  |r 2019-11-21  |w 2019-11-21  |y BK_X  |k BUD 
952 |0 0  |1 0  |3 erb  |4 0  |6 983_315000000000000_FEL_2001  |7 0  |8 A  |9 355030  |a BIBHIS  |b BIBHIS  |i 5408245  |l 1  |o 983.315 FEL 2001  |p 5408245  |r 2025-01-20  |s 2023-08-10  |w 2019-11-21  |y BK  |z Catalogado en:20170713  |k HIS